00532nam a22001817a 450000500170000001000150001702000280003203500140006003700130007408200150008710000170010224500890011926000420020827000400025030000200029050000240031070000160033420180706142623.0 aENG-123396 c99.00 a9788121906548 aEN-106928 bDBAD/PUB a621.180212 aKhurmi, R.S.00aSteam tables with mollier diagram :cby R.S. Khurmi [and] N. KhurmibIn s.l. units / aNew DelhibS. Chand and Companyc2018 a7361, Ram Nagar,bNew Delhie110055 a24p.c24cm(pbk) aIt includes chart-1 aKhurmi, N.